Municipalities of Liechtenstein - Statistics

General Stats
  • This quiz has been taken 82 times
  • The average score is 6 of 11
Answer Stats
Municipality % Correct
Vaduz
100%
Schaan
81%
Triesen
65%
Triesenberg
59%
Balzers
57%
Eschen
54%
Mauren
51%
Planken
43%
Schellenberg
43%
Gamprin
41%
Ruggell
41%
No matching quizzes found
Score Distribution
Percent of People with Each Score
Percentile by Number Answered
Your Score History
You have not taken this quiz